Emerging Issues In Business And Management/ (Record no. 166536)

MARC details
000 -LEADER
fixed length control field 00635nam a22001817a 4500
010 ## - LCCN (DPL NO)
LC control number ENG-126090
020 ## - INTERNATIONAL STANDARD BOOK NUMBER
International Standard Book Number 978-93-88398-27-5
Terms of availability 1495.00
035 ## - SYSTEM CONTROL NUMBER
System control number EN-109622
037 ## - SOURCE OF ACQUISITION
Source of stock number/acquisition DBAD/PUB
082 ## - DEWEY DECIMAL CLASSIFICATION NUMBER
Classification number 658.8
100 ## - MAIN ENTRY--PERSONAL NAME
Personal name Venkatesan,T.
245 ## - TITLE STATEMENT
Title Emerging Issues In Business And Management/
Statement of responsibility, etc edited byT.Venkatesan...[et-al]
260 ## - PUBLICATION, DISTRIBUTION, ETC. (IMPRINT)
Place of publication, distribution, etc Tamil Nadu
Name of publisher, distributor, etc Shanlax Publications
Date of publication, distribution, etc 2019
270 ## - ADDRESS
Address 61,T.P.K. Main Road
City Vasantha Nagar Madurai
Postal code 625003
Telephone number 7639303383
Electronic mail address publisher@shanlaxpublications.com
300 ## - PHYSICAL DESCRIPTION
Extent 293p.
Other physical details 2425cm(hb)
500 ## - GENERAL NOTE
General note its include index and bibliography
942 ## - ADDED ENTRY ELEMENTS (KOHA)
Source of classification or shelving scheme Dewey Decimal Classification
Item type English Books
Classification part 658.8
Call number suffix VEN
Holdings
Withdrawn status Lost status Not for loan Collection code Home library Current library Date acquired Source of acquisition Cost, normal purchase price Full call number Barcode Copy number Cost, replacement price Koha item type
      Non-fiction Central Library Central Library 26/07/2019 DBAD/PUB 1495.00 658.8 VEN EN-109622 1 1495.00 English Books

© Delhi Public Library
Hit Counter
free hit counter